Регионална библиотека "Любен Каравелов" - Русе

Основни учения на Библията (Запис номер 142623)

MARC детайли
000 -Лидер
Контролно поле с фиксирана дължина nam a22 a 4500
003 - Код на организацията, давaща контролен номер
Контролно поле BLK
005 - Дата и час на последна редакция
Контролно поле 20230310093302.0
008 - Елементи от данни с фиксирана дължина
fixed length control field 180409b bul|||||r ||||||| ||bul||
010 ## - Наследен системен номер
LC control number KNG00148718000
020 ## - Международен стандартен номер на книга ISBN
Международен стандартен номер на книга ISBN 954-8227-01-0
040 ## - Източник на каталожния запис
Идентификатор на билиотеката - собственик на записа BLK
041 ## - Код за език
Код за езика на текст/звукозапис или на отделно заглавие Български
Код за езика КДБФ Български
080 ## - УДК
Текстов определител УДК Свещено писание. Библия. Стар и Нов завет
УДК код - определител по УДК 22
УДК - код + определител 22
100 1# - Редна дума - Автор
Автор Тахмисян, Агоп Асадур
Авторска отговорност първи автор
R(LIN) 127975
139 ## - Редно поле
Редна дума Тахмисян, Агоп Асадур
Авторски знак Тах - Т 39
245 10 - Сведения за заглавието
Заглавие Основни учения на Библията
Редно поле (дума) Агоп Асадур Тахмисян.
257 ## - Страна на издаване
Страна на създаване/издаване България
260 ## - Област на издателските данни
Място на издаване, разпространение и проч. Варна
Име на издателя, разпространителя и проч. Унисон
Година на издаване 1992
300 ## - Физическа характеристика
Страници 254 с.
Размери/Мащаб 20 см
380 ## - Жанр
Жанр Религия. Теология
500 ## - Общи забележки
Забележка Библиогр.: с. 253.
650 #4 - Допълнително описание по предмет – тема
Основно описание – тема или топоним Библия
9 (RLIN) 148564
653 ## - Ключова дума – ненормативна
Ключова дума Библия
852 ## - Местоположение
Форматна сигнатура Цб 170424
Фондова буква Хранилище
856 4# - Електронен адрес и достъп
Електронен формат pdf - файл
Инструкция (цена за достъп) 0.00
Права за достъп disable
856 4# - Електронен адрес и достъп
Електронен формат pdf - файл
Инструкция (цена за достъп) 0.00
Права за достъп disable
999 ## - СИСТЕМНИ КОНТРОЛНИ НОМЕРА
Koha biblionumber 142623
Koha biblioitemnumber 142623
942 ## - АРТИКУЛИ
Вид на библиотечния материал Книги
Скрит в OPAC Не
Периодичен библиозапис Да
944 ## - СЪЗДАВАНЕ И РЕДАКЦИЯ на ЗАПИСА
Създаване/Редакция Създаване
Дата на регистрацията/редакция 07.08.2013
Статус, дата на статуса 07.08.2013 - от С1,Р / 07.08.2013
Служител, извършил регистрацията/редакцията Грета_Цуфелде
944 ## - СЪЗДАВАНЕ И РЕДАКЦИЯ на ЗАПИСА
Създаване/Редакция Редакция
Дата на регистрацията/редакция 07.08.2013
Статус, дата на статуса 07.08.2013 - от С1,Р / 07.08.2013
999 ## - СИСТЕМНИ КОНТРОЛНИ НОМЕРА
Koha biblioitemnumber 142623
Наличности
Код за отписване Код за изгубен артикул Източник на класификационната схема Код за повреда Коз за рестрикции Код за отдаване Артикулен № Име на библиотеката - собственик Име на библиотеката, в която се намира в момента Статус (Текущо местоположение) Дата на вписване в системата Местоположение - отдел Цена в лева Инвентарен номер Систематично азбучна сигнатура Баркод Номер на екземпляра Цена в евро Служебна бележка Служебен тип на артикула
  Не е изгубен Universal Decimal Classification Не е повреден без рестрикции ползва се в читалня 236090 Регионална библиотека "Любен Каравелов" Русе Регионална библиотека "Любен Каравелов" Русе Хранилище 1992-01-01 Хранилище 0.00 571936 Цб 170424 120000571936 1 0.00 N: стар фонд Дата: 01.01.1992 Книги
Изтеглен Не е изгубен Universal Decimal Classification Не е повреден без рестрикции заемане за дома 236091 Регионална библиотека "Любен Каравелов" Русе Регионална библиотека "Любен Каравелов" Русе Детски отдел 1992-01-01 Детски отдел 0.01 622357 ДН 2/Т 39 622357 2 0.01 N: стар фонд Дата: 01.01.1992 Дата инв: 26.08.2015 Бележки инв: Д2015 Книги
Vip Innovations Ltd, Rousse, Bulgaria 2025